Education of handicapped children and youth, (Record no. 34677)

MARC details
000 -LEADER
fixed length control field 01038cam a22002531 4500
001 - CONTROL NUMBER
control field hew67000034
003 - CONTROL NUMBER IDENTIFIER
control field DLC
005 - DATE AND TIME OF LATEST TRANSACTION
control field 20260227111515.0
008 - FIXED-LENGTH DATA ELEMENTS--GENERAL INFORMATION
fixed length control field 731119s1966 xx 000 0 eng
010 ## - LIBRARY OF CONGRESS CONTROL NUMBER
LC control number hew67000034
035 ## - SYSTEM CONTROL NUMBER
System control number (OCoLC)744112
040 ## - CATALOGING SOURCE
Original cataloging agency DLC
Transcribing agency OClU
Modifying agency DLC
050 00 - LIBRARY OF CONGRESS CALL NUMBER
Classification number L112
Item number .A453
110 1# - MAIN ENTRY--CORPORATE NAME
Corporate name or jurisdiction name as entry element United States.
Subordinate unit Office of Education.
245 10 - TITLE STATEMENT
Title Education of handicapped children and youth,
Remainder of title a conference report: Possiblities and plans under the provision of title I, Elementary and secondary education act of 1965, Washington, D.C., August 11 and 12, 1965.
260 ## - PUBLICATION, DISTRIBUTION, ETC.
Place of publication, distribution, etc. [Washington,
Date of publication, distribution, etc. 1966]
300 ## - PHYSICAL DESCRIPTION
Extent v, 56p.
Dimensions 26cm.
500 ## - GENERAL NOTE
General note "OE-35081."
504 ## - BIBLIOGRAPHY, ETC. NOTE
Bibliography, etc. note Bibliography: p.44.
650 #0 - SUBJECT ADDED ENTRY--TOPICAL TERM
Topical term or geographic name entry element Children with disabilities
General subdivision Education
Geographic subdivision United States
650 #0 - SUBJECT ADDED ENTRY--TOPICAL TERM
Topical term or geographic name entry element Children with social disabilities
General subdivision Education
Geographic subdivision United States
740 0# - ADDED ENTRY--UNCONTROLLED RELATED/ANALYTICAL TITLE
Uncontrolled related/analytical title Possibilities and plans under the provisions of title I, Elementary and secondary education act of 1965.
740 0# - ADDED ENTRY--UNCONTROLLED RELATED/ANALYTICAL TITLE
Uncontrolled related/analytical title Elementary and secondary education act of 1965.

No items available.

Powered by Koha